Teorías sobre motivación del aprendizaje / (Registro nro. 311)
[ vista simple ]
| 000 -LEADER | |
|---|---|
| fixed length control field | 01444nam a2200277Ia 4500 |
| 003 - CONTROL NUMBER IDENTIFIER | |
| control field | PE SENCICO BE |
| 005 - DATE AND TIME OF LATEST TRANSACTION | |
| control field | 20251020182433.0 |
| 008 - FIXED-LENGTH DATA ELEMENTS--GENERAL INFORMATION | |
| fixed length control field | 200515s9999 xx 000 0 und d |
| 040 ## - CATALOGING SOURCE | |
| Original cataloging agency | PE SENCICO BE |
| Transcribing agency | PE SENCICO BE |
| 041 ## - LANGUAGE CODE | |
| Language code of text/sound track or separate title | spa |
| 082 ## - DEWEY DECIMAL CLASSIFICATION NUMBER | |
| Classification number | 153.1534 |
| Item number | T31 |
| 100 1# - MAIN ENTRY--PERSONAL NAME | |
| Personal name | Teevan, Richard C. |
| 9 (RLIN) | 2683 |
| Relator term | autor |
| 245 10 - TITLE STATEMENT | |
| Title | Teorías sobre motivación del aprendizaje / |
| Statement of responsibility, etc. | Richard C. Teevan, Robert C. Birney |
| 250 ## - EDITION STATEMENT | |
| Edition statement | 1a ed. |
| 260 ## - PUBLICATION, DISTRIBUTION, ETC. | |
| Place of publication, distribution, etc. | México, D.F. : |
| Name of publisher, distributor, etc. | Trillas ; |
| Date of publication, distribution, etc. | 1972 |
| 300 ## - PHYSICAL DESCRIPTION | |
| Extent | 242 p. : |
| Other physical details | graf. ; |
| Dimensions | 23 cm. |
| 490 ## - SERIES STATEMENT | |
| Series statement | Biblioteca Técnica de Psicología |
| 505 0# - FORMATTED CONTENTS NOTE | |
| Formatted contents note | Motivación primaria -- Cuatro fundamentos del aprendizaje -- Un modelo cognoscitivo motivacional -- Problemas que presenta el concepto de impulsos adquiridos -- La naturaleza del impulso como determinante innato de la organización conductual -- Una teoría de la primacía conductual de la motivación -- Teoría estímulo-respuesta del impulso -- Comentarios sobre temas controversiales selectos. |
| 520 3# - SUMMARY, ETC. | |
| Summary, etc. | Trata de cubrir uno de los principales vacíos que tiene la enseñanza de la motivación del aprendizaje. Las fuentes, aquí se ha ordenado el progreso de esta disciplina desde un punto de vista histórico. |
| 650 10 - SUBJECT ADDED ENTRY--TOPICAL TERM | |
| Topical term or geographic name entry element | Aprendizaje |
| 9 (RLIN) | 2282 |
| 650 20 - SUBJECT ADDED ENTRY--TOPICAL TERM | |
| Topical term or geographic name entry element | Estrategias de aprendizaje |
| 9 (RLIN) | 2409 |
| 650 20 - SUBJECT ADDED ENTRY--TOPICAL TERM | |
| Topical term or geographic name entry element | Motivación |
| 9 (RLIN) | 933 |
| 650 20 - SUBJECT ADDED ENTRY--TOPICAL TERM | |
| Topical term or geographic name entry element | Psicología cognoscitiva |
| 9 (RLIN) | 2673 |
| 700 1# - ADDED ENTRY--PERSONAL NAME | |
| 9 (RLIN) | 2684 |
| Personal name | Birney, Robert C. |
| Relator term | autor |
| 942 ## - ADDED ENTRY ELEMENTS (KOHA) | |
| Koha item type | Libros |
| Source of classification or shelving scheme | Dewey Decimal Classification |
| Fecha de la última vez que lo usaron | Número de ingreso o de inventario | Pago total | Signatura topográfica completa | Código de barras | Precio efectivo desde | Tipo de documento | Estado perdido | Sistema de clasificación | Estado dañado | No es para préstamo | Retirado | Ubicación permanente | Ubicación actual | Fecha de adquisición |
|---|---|---|---|---|---|---|---|---|---|---|---|---|---|---|
| 15/05/2020 | 958 | 153.1534/T31 | BibLima24110022 | 15/05/2020 | Libros | Dewey Decimal Classification | Biblioteca Central Lima | Biblioteca Central Lima | 15/05/2020 |